000 00350nam a22001697a 4500
003 UA-OsUOA
001 1636
007 ta
008 20050721b un ||||| |||| 00| 0 ukr d
100 _aWeiss
700 _aRobert S.
942 _cBK
040 _aUA-OsUOA
_cUA-OsUOA
_dUA-OsUOA
245 _aGoing it Alone
_bFiction
955 _a2
650 7 _2UDC
999 _c287798
_d287798